000 00947nam a2200253Ia 4500
003 OSt
005 20221005111029.0
006 a|||||r|||| 00| 0
007 ta
008 221004b |||||||| |||| 00| 0 hin d
020 _a9788183610605 (hbk)
_c150
024 _a98292
037 _b575, 23/03/2009, Vani Prakashan
_cTextual
040 _aCRL
_cCRL
_bhin
041 _2hin
_ahin
082 _aO123,1N04w, 152P6
100 _aमाहेश्वरी, अरूण
245 0 _aपाब्लो नेरूदा
_b एक कैदी की खुली दुनिया
246 _aPāblo nerūdā: ek kaidī kī khulī duniyā
260 _aनई दिल्ली
_bराधाकृष्ण भारत
_c2006
300 _a145पृ0
_ccm.
942 _hO123,1N04w, 152P6
_cTEXL
_2cc
999 _c1020597
_d1020597